Maghrib se Nasri Trajim / (Record no. 524124)
[ view plain ]
| 000 -LEADER | |
|---|---|
| fixed length control field | 00469nam a22001697a 4500 |
| 003 - CONTROL NUMBER IDENTIFIER | |
| control field | NUST |
| 038 ## - RECORD CONTENT LICENSOR | |
| Staff Name | Waseem |
| 082 ## - DEWEY DECIMAL CLASSIFICATION NUMBER | |
| Classification number | 016 |
| Author Mark | BAI |
| 100 ## - MAIN ENTRY--PERSONAL NAME | |
| Personal name | Baig, Mirza Hamid |
| 9 (RLIN) | 14450 |
| 245 ## - TITLE STATEMENT | |
| Title | Maghrib se Nasri Trajim / |
| Statement of responsibility, etc. | Mirza Hamid Baig |
| 260 ## - PUBLICATION, DISTRIBUTION, ETC. | |
| Place of publication, distribution, etc. | Islamabad : |
| Name of publisher, distributor, etc. | Muqtadra Qoumi Zaban, |
| Date of publication, distribution, etc. | 1988. |
| 300 ## - PHYSICAL DESCRIPTION | |
| Extent | 792 p. ; |
| 500 ## - GENERAL NOTE | |
| General note | Hard cover. |
| 880 ## - ALTERNATE GRAPHIC REPRESENTATION | |
| Linkage | 100-02\r |
| Title | مرزا حامد بیگ |
| 880 ## - ALTERNATE GRAPHIC REPRESENTATION | |
| Linkage | 245-02\r |
| Title | مغرب سے نثری تراجم |
| 942 ## - ADDED ENTRY ELEMENTS (KOHA) | |
| Source of classification or shelving scheme | |
| Koha item type | Book |
| Withdrawn status | Lost status | Source of classification or shelving scheme | Damaged status | Not for loan | Permanent Location | Current Location | Date acquired | Total Checkouts | Full call number | Barcode | Date last seen | Price effective from | Koha item type |
|---|---|---|---|---|---|---|---|---|---|---|---|---|---|
| Central Library (CL) | Central Library (CL) | 06/17/2019 | 016 BAI | CL-E-1590 | 06/17/2019 | 06/17/2019 | Book |
